00847nam a2200217Ia 4500001000700000003000500007008004100012010001100053040000900064100003700073245021700110260004100327300001000368502007600378650002700454650002900481650002600510650002200536650004000558650003100598Z_5178CHAP220113s2004 xx 000 0 und d a168238 cCHAP aChávez Patiño, Daniel Iván aSaccharomyces cerevisae como probiótico en la fermentación cecal de la fibra detergente neutro, comportamiento productivo y control de diarreas en el conejo de engorda /cpor Daniel Iván Chávez Patiño aChapingo, Méx. :bEl autor,c2004 a54 h. aTesis (Ing. Agr. Esp. en Zootecnia) -- UACH. Departamento de Zootecnia aAditivos alimenticios  aConejosxAlimentación  aConejosxEnfermedades aConejosxEngorda  aLevaduras en alimentación animal  7aSaccharomyces cerevisiae2